[Event "Titled Tuesday intern op 03rd Jan Late"]
[Site "Chess.com INT"]
[Date "2025.06.03"]
[Round "2"]
[White "Sohal, Tanraj"]
[Black "Khodabandeh, Milad"]
[Result "0-1"]
[WhiteElo "2234"]
[BlackElo "1957"]
[PlyCount "66"]
[EventDate "2025.06.03"]
[EventType "swiss (blitz)"]
[EventRounds "11"]
[EventCountry "USA"]
[SourceTitle "CB24_2025"]
[SourceDate "2025.06.11"]
[SourceVersion "1"]
[SourceVersionDate "2025.06.11"]
[SourceQuality "1"]

1. e4 e5 2. Nc3 Nf6 3. Nf3 Nc6 4. Bc4 Bc5 5. d3 d6 6. a3 a6 7. h3 0-0 8. Be3 Ba7 9. Bg5 h6 10. Bh4 g5 11. Nxg5 hxg5 12. Bxg5 Be6 13. Nd5 Bxd5 14. Bxd5 Kg7 15. c3 Rh8 16. Qf3 Qe7 17. g4 Nd8 18. h4 c6 19. Bb3 Ne6 20. 0-0-0 Nxg5 21. hxg5 Nd7 22. Qf5 Nc5 23. Bc2 Ne6 24. Kb1 Qxg5 25. Qf3 Qf4 26. Qg2 Qxf2 27. Qxf2 Bxf2 28. d4 Rxh1 29. Rxh1 Rh8 30. Rf1 Rh2 31. Bb3 exd4 32. cxd4 Nxd4 33. Bd1 f6 0-1

[Event "Titled Tuesday intern op 06th May Early"]
[Site "Chess.com INT"]
[Date "2025.05.06"]
[Round "1"]
[White "Zhigalko, Sergei"]
[Black "Sohal, Tanraj"]
[Result "1-0"]
[WhiteElo "2572"]
[BlackElo "2234"]
[PlyCount "63"]
[EventDate "2025.05.06"]
[EventType "swiss (blitz)"]
[EventRounds "11"]
[EventCountry "USA"]
[SourceTitle "CB20_2025"]
[SourceDate "2025.05.14"]
[SourceVersion "1"]
[SourceVersionDate "2025.05.14"]
[SourceQuality "1"]

1. e4 c5 2. Nf3 e6 3. c3 Nf6 4. e5 Nd5 5. Bc4 d6 6. d4 cxd4 7. cxd4 Nc6 8. 0-0 dxe5 9. dxe5 Be7 10. Qe2 0-0 11. Rd1 Qc7 12. Bxd5 exd5 13. Nc3 Be6 14. Nxd5 Qa5 15. Nxe7+ Nxe7 16. Bd2 Qb6 17. Be3 Qa5 18. Qd2 Qa4 19. Bc5 Rfe8 20. b3 Qc6 21. Bxe7 Rxe7 22. Rac1 Qe8 23. h3 h6 24. Qf4 Rd8 25. Rd6 Bd5 26. Nd4 Rxd6 27. exd6 Re4 28. Qf5 Re1+ 29. Rxe1 Qxe1+ 30. Kh2 Be4 31. Qe5 Qb1 32. d7 1-0

[Event "Titled Tuesday intern op 28th Nov Late"]
[Site "Chess.com INT"]
[Date "2023.11.28"]
[Round "9"]
[White "Sohal, Tanraj"]
[Black "Arabidze, Meri"]
[Result "0-1"]
[WhiteElo "2234"]
[BlackElo "2458"]
[PlyCount "114"]
[EventDate "2023.11.28"]
[EventType "swiss (blitz)"]
[EventRounds "11"]
[EventCountry "USA"]
[SourceTitle "EXT 2025"]
[Source "ChessBase"]
[SourceDate "2024.10.14"]
[SourceVersion "1"]
[SourceVersionDate "2024.10.14"]
[SourceQuality "1"]

1. d4 f5 2. Nf3 Nf6 3. g3 b6 4. Bg2 Bb7 5. 0-0 e6 6. c4 a5 7. Nc3 Bb4 8. Qc2 0-0 9. a3 Bxc3 10. Qxc3 a4 11. Bf4 Be4 12. Rad1 Qc8 13. h3 Qb7 14. Nh4 Bxg2 15. Nxg2 d6 16. Bg5 Ne4 17. Qc1 Nd7 18. h4 Rae8 19. Be3 Nef6 20. Qc2 Qa8 21. Nf4 Ng4 22. d5 Nxe3 23. fxe3 Nc5 24. Nxe6 Nxe6 25. dxe6 g6 26. Rf3 Rxe6 27. Kf2 Re4 28. Rd4 Rfe8 29. Rxe4 Rxe4 30. Rf4 Re5 31. Qd3 Qh1 32. Rf3 Qc1 33. b4 axb3 34. Qxb3 Rc5 35. Qa4 Qxc4 36. Qe8+ Kg7 37. g4 Re5 38. Qd7+ Qf7 39. Qxf7+ Kxf7 40. e4 Rxe4 41. gxf5 Rxh4 42. fxg6+ Kxg6 43. Rc3 c5 44. Rd3 Rd4 45. Rb3 h5 46. Rxb6 h4 47. a4 Kf5 48. a5 Ke5 49. Rb8 Ra4 50. Rh8 Kd5 51. a6 Kc6 52. a7 Rxa7 53. Rxh4 Ra3 54. Ke1 d5 55. Rh8 Kb5 56. Rh4 d4 57. Kd2 Kc4 0-1

[Event "Titled Tuesday intern op 28th Nov Late"]
[Site "Chess.com INT"]
[Date "2023.11.28"]
[Round "1"]
[White "Sohal, Tanraj"]
[Black "Grischuk, Alexander"]
[Result "1/2-1/2"]
[WhiteElo "2234"]
[BlackElo "2732"]
[PlyCount "71"]
[EventDate "2023.11.28"]
[EventType "swiss (blitz)"]
[EventRounds "11"]
[EventCountry "USA"]
[SourceTitle "EXT 2025"]
[Source "ChessBase"]
[SourceDate "2024.10.14"]
[SourceVersion "1"]
[SourceVersionDate "2024.10.14"]
[SourceQuality "1"]

1. d4 e6 2. c4 b6 3. Nf3 Bb7 4. g3 Bb4+ 5. Nbd2 c5 6. dxc5 Bxc5 7. Bg2 Nf6 8. 0-0 0-0 9. b3 Be7 10. Bb2 a6 11. Qc2 h6 12. Rad1 Qc7 13. Qb1 d6 14. Ne1 Nbd7 15. Bxb7 Qxb7 16. Ng2 b5 17. Rc1 Rfd8 18. Rfd1 Rac8 19. Nf4 Ne5 20. Bxe5 dxe5 21. Ng2 Bb4 22. Nf3 Rxd1+ 23. Rxd1 e4 24. Nd4 bxc4 25. bxc4 Qe7 26. Rc1 Bc5 27. Nb3 Ba7 28. Qc2 Qb4 29. e3 a5 30. h3 a4 31. Nd4 Bxd4 32. exd4 Rd8 33. Rd1 Rc8 34. Rc1 Rd8 35. Rd1 Rc8 36. Rc1 1/2-1/2

[Event "Titled Tuesday intern op 28th Mar Late"]
[Site "Chess.com INT"]
[Date "2023.03.28"]
[Round "1"]
[White "Sohal, Tanraj"]
[Black "Paravyan, David"]
[Result "0-1"]
[WhiteElo "2234"]
[BlackElo "2584"]
[PlyCount "120"]
[EventDate "2023.03.28"]
[EventType "swiss (blitz)"]
[EventRounds "11"]
[EventCountry "USA"]
[SourceTitle "EXT 2024"]
[Source "ChessBase"]
[SourceDate "2023.10.10"]
[SourceVersion "1"]
[SourceVersionDate "2023.10.10"]
[SourceQuality "1"]

1. d4 Nf6 2. Nf3 g6 3. g3 Bg7 4. Bg2 d5 5. 0-0 0-0 6. c4 c6 7. Nbd2 a5 8. b3 Bf5 9. Bb2 a4 10. Ne5 a3 11. Bc3 Nbd7 12. Nxd7 Qxd7 13. e3 h5 14. Qe2 h4 15. f4 h3 16. Bf3 Bg4 17. c5 Qf5 18. Rac1 Rfd8 19. Rfe1 e6 20. b4 Bf8 21. Bxg4 Qxg4 22. Qxg4 Nxg4 23. Rb1 b6 24. Nf3 Be7 25. Ne5 Nxe5 26. fxe5 Rdb8 27. Rb3 bxc5 28. dxc5 Rb5 29. Kf2 Ra4 30. Kf3 Kg7 31. Reb1 f5 32. Bd4 Kf7 33. g4 Bh4 34. Bc3 g5 35. Rg1 Kg6 36. Rbb1 fxg4+ 37. Rxg4 Kf5 38. Rd4 Rb8 39. e4+ dxe4+ 40. Rxe4 Rd8 41. Re3 g4+ 42. Ke2 Bg5 43. Rf1+ Bf4 44. Bd2 Rxd2+ 45. Kxd2 Kg5 46. Rb1 Ra8 47. Ke2 Bxe3 48. Kxe3 Kf5 49. b5 cxb5 50. Rxb5 Kxe5 51. c6+ Kd6 52. Rg5 Ra4 53. Rg6 Rb4 54. c7 Kxc7 55. Rxe6 Rb2 56. Re4 Rxh2 57. Rxg4 Rxa2 58. Rh4 h2 59. Kd3 Rg2 60. Rxh2 Rxh2 0-1

[Event "Titled Tuesday intern op 24th Jan Late"]
[Site "Chess.com INT"]
[Date "2023.01.24"]
[Round "4"]
[White "Rego, Pedro Filipe"]
[Black "Sohal, Tanraj"]
[Result "1/2-1/2"]
[WhiteElo "2300"]
[BlackElo "2220"]
[PlyCount "136"]
[EventDate "2023.01.24"]
[EventType "swiss (blitz)"]
[EventRounds "11"]
[EventCountry "USA"]
[SourceTitle "EXT 2024"]
[Source "ChessBase"]
[SourceDate "2023.10.10"]
[SourceVersion "1"]
[SourceVersionDate "2023.10.10"]
[SourceQuality "1"]

1. c4 e5 2. Nc3 Nf6 3. g3 Bb4 4. Nd5 Nxd5 5. cxd5 0-0 6. Bg2 d6 7. Nf3 a6 8. 0-0 h6 9. d4 exd4 10. Nxd4 Nd7 11. a3 Bc5 12. b4 Bb6 13. Bb2 a5 14. e3 axb4 15. axb4 Rxa1 16. Qxa1 Ne5 17. Nf3 Nxf3+ 18. Bxf3 f6 19. Bd4 Bh3 20. Rc1 Qa8 21. Bxb6 cxb6 22. Qd4 Rc8 23. Ra1 Qb8 24. Bg2 Bxg2 25. Kxg2 Qc7 26. Qe4 Qc4 27. Qe6+ Kh7 28. h3 Rd8 29. Ra7 Qxb4 30. Rxb7 Rg8 31. Qxf6 Qe4+ 32. Qf3 Qb4 33. Qf5+ Kh8 34. Qf4 Qc5 35. Qf5 b5 36. Qd3 b4 37. Qb3 Rf8 38. Rxb4 Qc8 39. Rf4 Rxf4 40. exf4 Qf5 41. Qe3 Qxd5+ 42. Qf3 Qe6 43. Qg4 Qe7 44. Qf5 Qd8 45. g4 d5 46. Qd3 d4 47. Kg3 Qd5 48. f3 Qd6 49. h4 g5 50. hxg5 hxg5 51. Qf5 d3 52. Qc8+ Kg7 53. Qb7+ Kh6 54. Qb1 d2 55. Qh1+ Kg7 56. Qa1+ Kh7 57. Qb1+ Kg8 58. Qb3+ Kf8 59. Qd1 gxf4+ 60. Kf2 Qd4+ 61. Kg2 Qe3 62. Kf1 Kg7 63. Qe2 Qc3 64. Qe7+ Kg6 65. Qe6+ Kg5 66. Qe7+ Kg6 67. Qe8+ Kg7 68. Qe7+ Kg6 1/2-1/2

[Event "Titled Tuesday intern op 20th Dec Late"]
[Site "Chess.com INT"]
[Date "2022.12.20"]
[Round "1"]
[White "Sohal, Tanraj"]
[Black "Prithu, Gupta"]
[Result "1-0"]
[WhiteElo "2220"]
[BlackElo "2444"]
[PlyCount "41"]
[EventDate "2022.12.20"]
[EventType "swiss (blitz)"]
[EventRounds "11"]
[EventCountry "USA"]
[SourceTitle "EXT 2024"]
[Source "ChessBase"]
[SourceDate "2023.10.10"]
[SourceVersion "1"]
[SourceVersionDate "2023.10.10"]
[SourceQuality "1"]

1. e4 e5 2. Nf3 Nc6 3. Bc4 Nf6 4. d3 Bc5 5. Bg5 0-0 6. Nc3 Be7 7. a3 d6 8. h3 Be6 9. Qe2 Bxc4 10. dxc4 Nd4 11. Qd3 Ne6 12. Bxf6 Bxf6 13. g3 c6 14. 0-0-0 Be7 15. Qe2 a5 16. Nxe5 dxe5 17. Rxd8 Rfxd8 18. Kb1 a4 19. h4 Bc5 20. Rd1 Bd4 21. Qe1 1-0

[Event "Titled Tuesday intern op 15th Nov Late"]
[Site "Chess.com INT"]
[Date "2022.11.15"]
[Round "2"]
[White "Buchenau, Frank"]
[Black "Sohal, Tanraj"]
[Result "1/2-1/2"]
[WhiteElo "2218"]
[BlackElo "2220"]
[PlyCount "93"]
[EventDate "2022.11.15"]
[EventType "swiss (blitz)"]
[EventRounds "11"]
[EventCountry "USA"]
[SourceTitle "CBM 211 Extra"]
[Source "ChessBase"]
[SourceDate "2023.01.31"]
[SourceVersion "1"]
[SourceVersionDate "2023.01.31"]
[SourceQuality "1"]

1. e4 d5 2. exd5 Qxd5 3. Nc3 Qd8 4. d4 Nf6 5. Nf3 g6 6. Bc4 Bg7 7. 0-0 0-0 8. Re1 Bg4 9. h3 Bxf3 10. Qxf3 Nc6 11. d5 Na5 12. Bf1 b6 13. Bf4 Nb7 14. Rad1 Nd6 15. Nb5 Nh5 16. Bg5 Bf6 17. Bh6 Bg7 18. Bxg7 Nxg7 19. Nd4 Ngf5 20. Nc6 Qd7 21. g4 Ng7 22. Rxe7 Qc8 23. Qf6 Nde8 24. Qe5 Kh8 25. c4 Qa6 26. c5 Qxa2 27. d6 Qa4 28. b3 Qxc6 29. Bg2 Qxc5 30. Qxc5 bxc5 31. Bxa8 Nxd6 32. Rxc7 Nb5 33. Rxc5 Rxa8 34. Rxb5 Ne6 35. Rd7 Kg7 36. Rbb7 Rf8 37. Rxa7 Nc5 38. Rdc7 Nxb3 39. f4 Nd4 40. Rc4 Ne6 41. Kf2 Rb8 42. f5 Rb2+ 43. Kg3 Rb3+ 44. Kg2 Rb2+ 45. Kg3 Rb3+ 46. Kg2 Rb2+ 47. Kg3 1/2-1/2

[Event "Titled Tuesday intern op 15th Nov Late"]
[Site "Chess.com INT"]
[Date "2022.11.15"]
[Round "6"]
[White "Sohal, Tanraj"]
[Black "Foerster Yialamas, Lucas"]
[Result "1-0"]
[WhiteElo "2220"]
[BlackElo "2125"]
[PlyCount "69"]
[EventDate "2022.11.15"]
[EventType "swiss (blitz)"]
[EventRounds "11"]
[EventCountry "USA"]
[SourceTitle "CBM 211 Extra"]
[Source "ChessBase"]
[SourceDate "2023.01.31"]
[SourceVersion "1"]
[SourceVersionDate "2023.01.31"]
[SourceQuality "1"]

1. e4 e6 2. Nf3 d5 3. exd5 exd5 4. d4 c5 5. c4 cxd4 6. Nxd4 Nf6 7. Be2 dxc4 8. 0-0 Bc5 9. Nb5 Qb6 10. Bxc4 0-0 11. N1c3 a6 12. Na4 Qc6 13. Nbc3 Ba7 14. Be2 Be6 15. Bf4 Nd5 16. Bf3 Nxc3 17. Nxc3 Qb6 18. Nd5 Bxd5 19. Bxd5 Nc6 20. Rc1 Qxb2 21. Rb1 Qf6 22. Bc7 Rac8 23. Rxb7 Bd4 24. Bg3 Rfd8 25. Rxf7 Qxf7 26. Bxf7+ Kxf7 27. Qh5+ Kg8 28. h3 Bf6 29. Rd1 Rxd1+ 30. Qxd1 Rd8 31. Qb3+ Kh8 32. Qb6 Ne5 33. Qxa6 Nd3 34. Bc7 Re8 35. Qxd3 1-0

[Event "Titled Tuesday intern op 15th Nov Late"]
[Site "Chess.com INT"]
[Date "2022.11.15"]
[Round "1"]
[White "Sohal, Tanraj"]
[Black "Quirke, Jeffrey"]
[Result "0-1"]
[WhiteElo "2220"]
[BlackElo "2004"]
[PlyCount "76"]
[EventDate "2022.11.15"]
[EventType "swiss (blitz)"]
[EventRounds "11"]
[EventCountry "USA"]
[SourceTitle "CBM 211 Extra"]
[Source "ChessBase"]
[SourceDate "2023.01.31"]
[SourceVersion "1"]
[SourceVersionDate "2023.01.31"]
[SourceQuality "1"]

1. d4 d5 2. Nf3 Nf6 3. b3 Bf5 4. Bb2 e6 5. Nbd2 Nbd7 6. e3 c6 7. Nh4 Bg6 8. Nxg6 hxg6 9. g3 Bd6 10. Bg2 0-0 11. 0-0 Qe7 12. f4 Ba3 13. Qc1 Bxb2 14. Qxb2 a5 15. c4 a4 16. c5 b5 17. b4 Ng4 18. Qc3 f5 19. a3 Ngf6 20. Qd3 g5 21. fxg5 Ne4 22. h4 Nxg3 23. Rf4 Nh5 24. Rf2 g6 25. Raf1 Rf7 26. Bf3 Ng7 27. Rh2 Raf8 28. Rff2 e5 29. Qf1 f4 30. e4 dxe4 31. Nxe4 exd4 32. Nd6 Nf5 33. Nxf7 Rxf7 34. Bxc6 Ne3 35. Qd3 Ne5 36. Qe4 Qe6 37. Rxf4 Qg4+ 38. Qg2 Qxf4 0-1

[Event "Titled Tuesday intern op 08th Nov Late"]
[Site "Chess.com INT"]
[Date "2022.11.08"]
[Round "2"]
[White "Prem, Pranav"]
[Black "Sohal, Tanraj"]
[Result "0-1"]
[WhiteElo "2061"]
[BlackElo "2220"]
[PlyCount "130"]
[EventDate "2022.11.08"]
[EventType "swiss (blitz)"]
[EventRounds "11"]
[EventCountry "USA"]
[SourceTitle "EXT 2024"]
[Source "ChessBase"]
[SourceDate "2023.10.10"]
[SourceVersion "1"]
[SourceVersionDate "2023.10.10"]
[SourceQuality "1"]

1. d4 Nf6 2. c4 g6 3. Nc3 Bg7 4. e4 0-0 5. Nf3 c5 6. d5 d6 7. Be2 Bg4 8. 0-0 a6 9. Be3 Nbd7 10. Nd2 Bxe2 11. Qxe2 h5 12. h3 b5 13. cxb5 axb5 14. Nxb5 Ne5 15. f4 Ned7 16. a4 Ne8 17. Nc4 Nc7 18. Ra3 Na6 19. Bd2 Nb4 20. Bc3 Nf6 21. f5 Rb8 22. Bxb4 cxb4 23. Rg3 h4 24. Rgf3 g5 25. Na7 Ra8 26. Nc6 Qe8 27. b3 Nh5 28. Rc1 Bf6 29. Nb6 Kg7 30. Nxa8 Qxa8 31. Qb5 Ng3 32. a5 Nxe4 33. Qxb4 Ng3 34. Qb5 Qc8 35. a6 Nxf5 36. Qc4 Ng3 37. b4 Qc7 38. Qb5 Bd4+ 39. Kh2 Be5 40. Rxg3 hxg3+ 41. Kg1 Bf4 42. Rc3 Qd7 43. Qd3 e5 44. a7 g4 45. Qe2 gxh3 46. gxh3 Qxh3 47. Qg2 Qg4 48. a8Q Rxa8 49. b5 Ra1+ 50. Qf1 Rxf1+ 51. Kxf1 Qd1+ 52. Kg2 Qd2+ 53. Kf3 Qxc3+ 54. Kg4 g2 55. Kf5 g1Q 56. Ne7 Qg6+ 57. Nxg6 fxg6+ 58. Ke6 Qc8+ 59. Kxd6 Qb8+ 60. Kc5 e4 61. d6 Bxd6+ 62. Kd5 Bc7 63. Kxe4 Qxb5 64. Kd4 Qe5+ 65. Kd3 Bd6 0-1

[Event "Titled Tuesday intern op 01st Nov Late"]
[Site "Chess.com INT"]
[Date "2022.11.01"]
[Round "3"]
[White "Rios Escobar, Adan"]
[Black "Sohal, Tanraj"]
[Result "1-0"]
[WhiteElo "2276"]
[BlackElo "2220"]
[PlyCount "67"]
[EventDate "2022.11.01"]
[EventType "swiss (blitz)"]
[EventRounds "11"]
[EventCountry "USA"]
[SourceTitle "EXT 2024"]
[Source "ChessBase"]
[SourceDate "2023.10.10"]
[SourceVersion "1"]
[SourceVersionDate "2023.10.10"]
[SourceQuality "1"]

1. d4 d5 2. c4 e6 3. g3 Nf6 4. Bg2 Be7 5. Nf3 0-0 6. 0-0 a6 7. Qc2 b5 8. c5 Nc6 9. a3 a5 10. Nc3 Ba6 11. Bg5 h6 12. Bxf6 Bxf6 13. Rfd1 b4 14. axb4 Nxb4 15. Qb1 c6 16. Na4 Bxe2 17. Rd2 Bxf3 18. Bxf3 e5 19. dxe5 Bxe5 20. Nb6 Rb8 21. Rxa5 Rxb6 22. cxb6 Qxb6 23. Ra3 Bd4 24. Rb3 c5 25. Bxd5 Qf6 26. Qe4 Qg5 27. Rxd4 Rd8 28. Rbxb4 cxb4 29. Qd3 Rd7 30. Be4 Rxd4 31. Qxd4 f5 32. Qd5+ Kh8 33. Qxf5 Qc1+ 34. Kg2 1-0

[Event "Titled Tuesday intern op 11th Oct Late"]
[Site "Chess.com INT"]
[Date "2022.10.11"]
[Round "8"]
[White "Machidon, Cristi"]
[Black "Sohal, Tanraj"]
[Result "0-1"]
[WhiteElo "2278"]
[BlackElo "2220"]
[PlyCount "54"]
[EventDate "2022.10.11"]
[EventType "swiss (blitz)"]
[EventRounds "11"]
[EventCountry "USA"]
[SourceTitle "EXT 2024"]
[Source "ChessBase"]
[SourceDate "2023.10.10"]
[SourceVersion "1"]
[SourceVersionDate "2023.10.10"]
[SourceQuality "1"]

1. d4 d5 2. c4 e6 3. Nc3 Nf6 4. cxd5 exd5 5. Bg5 Be7 6. e3 0-0 7. Qc2 c6 8. Bd3 g6 9. Nf3 Re8 10. 0-0 Nbd7 11. Rab1 a5 12. a3 Nf8 13. Ne5 N6d7 14. Bxe7 Qxe7 15. Nf3 Ne6 16. Rfc1 Nf6 17. Na4 Ng7 18. Nb6 Ra7 19. b4 axb4 20. axb4 Bf5 21. b5 Bxd3 22. Qxd3 Ra3 23. Rb3 Rxb3 24. Qxb3 Nf5 25. bxc6 bxc6 26. Rxc6 Qa7 27. Rxf6 Qa1+ 0-1

[Event "Titled Tuesday intern op 20th Sep Late"]
[Site "Chess.com INT"]
[Date "2022.09.20"]
[Round "4"]
[White "Jaracz, Pawel"]
[Black "Sohal, Tanraj"]
[Result "1-0"]
[WhiteElo "2463"]
[BlackElo "2220"]
[PlyCount "71"]
[EventDate "2022.09.20"]
[EventType "swiss (blitz)"]
[EventRounds "11"]
[EventCountry "USA"]
[SourceTitle "EXT 2023"]
[Source "ChessBase"]
[SourceDate "2022.10.05"]
[SourceVersion "1"]
[SourceVersionDate "2022.10.05"]
[SourceQuality "1"]

1. d4 Nf6 2. c4 e6 3. Nc3 d5 4. Nf3 c5 5. e3 cxd4 6. exd4 Be7 7. cxd5 exd5 8. Bd3 Nc6 9. 0-0 Bg4 10. Be3 0-0 11. h3 Bh5 12. g4 Bg6 13. Bxg6 hxg6 14. Ne5 Bd6 15. f4 Qb6 16. Na4 Qb4 17. a3 Qa5 18. b4 Qd8 19. Nc3 Ne4 20. Nxe4 dxe4 21. Qc2 Qh4 22. Kg2 Rfe8 23. Qxe4 f6 24. Qd5+ Kh7 25. Qxd6 fxe5 26. fxe5 Rad8 27. Qc5 Ne7 28. Rf7 Nd5 29. Bd2 b6 30. Qc6 Ne7 31. Qe4 Nc8 32. Qf4 Nd6 33. Be1 g5 34. Bxh4 gxf4 35. exd6 Rxd6 36. Rxf4 1-0

[Event "Titled Tuesday intern op 21st Jun Late"]
[Site "Chess.com INT"]
[Date "2022.06.21"]
[Round "4"]
[White "Kamsky, Gata"]
[Black "Sohal, Tanraj"]
[Result "1/2-1/2"]
[WhiteElo "2655"]
[BlackElo "2220"]
[PlyCount "187"]
[EventDate "2022.06.21"]
[EventType "swiss (blitz)"]
[EventRounds "11"]
[EventCountry "USA"]
[SourceTitle "EXT 2023"]
[Source "ChessBase"]
[SourceDate "2022.10.05"]
[SourceVersion "1"]
[SourceVersionDate "2022.10.05"]
[SourceQuality "1"]

1. d4 Nf6 2. Nf3 e6 3. Bf4 d5 4. e3 Be7 5. c3 0-0 6. Nbd2 c5 7. Bd3 b6 8. Qe2 Bb7 9. h4 Ne4 10. h5 Nd7 11. Ne5 Nxe5 12. Bxe5 f6 13. Bf4 e5 14. Bxe4 exf4 15. Bf5 fxe3 16. fxe3 Bd6 17. 0-0-0 Qe7 18. Qd3 h6 19. Rde1 Rae8 20. g4 cxd4 21. exd4 Qxe1+ 22. Rxe1 Rxe1+ 23. Kc2 Rfe8 24. Qb5 R8e7 25. Nf3 Bf4 26. Nxe1 Rxe1 27. Kb3 Re7 28. a4 Bc7 29. a5 Bd8 30. a6 Ba8 31. Qb4 Kf7 32. Qd6 Bc7 33. Bg6+ Kf8 34. Qa3 Bc6 35. Qb4 Bb8 36. Ka2 Bc7 37. c4 dxc4 38. Qxc4 Bd7 39. d5 Bd6 40. Bf5 Bxf5 41. gxf5 Rc7 42. Qe2 Be5 43. Qb5 Ke7 44. b4 Bd6 45. Kb3 Be5 46. Qd3 Bd6 47. Ka4 Be5 48. d6+ Bxd6 49. Qd5 Be5 50. Qe6+ Kf8 51. Kb5 Re7 52. Qc8+ Re8 53. Qb7 Re7 54. Qa8+ Kf7 55. Kc6 Rc7+ 56. Kd5 Re7 57. Qc8 Rc7 58. Qd8 Re7 59. Kc6 Bf4 60. b5 Be5 61. Qd5+ Kf8 62. Qd8+ Kf7 63. Qc8 Bf4 64. Kd5 Be5 65. Qc4 Rc7 66. Qb3 Rc5+ 67. Ke4+ Kf8 68. Qe6 Rc7 69. Qd5 Re7 70. Qa8+ Kf7 71. Kf3 Rc7 72. Qd5+ Kf8 73. Ke2 Re7 74. Kd3 Rc7 75. Qd8+ Kf7 76. Ke4 Re7 77. Kd5 Rc7 78. Qa8 Rc5+ 79. Ke4 Rc4+ 80. Kd3 Rc7 81. Qd5+ Ke7 82. Qg8 Kd6 83. Ke4 Kc5 84. Qd5+ Kb4 85. Kf3 Ka4 86. Ke2 Kb4 87. Kf3 Rc3+ 88. Ke2 Rc2+ 89. Kd1 Rc5 90. Qd7 Rc7 91. Qd5 Ka4 92. Ke2 Kb4 93. Kd1 Ka4 94. Ke2 1/2-1/2

[Event "Titled Tuesday intern op 15th Feb Late"]
[Site "Chess.com INT"]
[Date "2022.02.15"]
[Round "3"]
[White "Jones, Gawain C B"]
[Black "Sohal, Tanraj"]
[Result "1-0"]
[WhiteElo "2671"]
[BlackElo "2220"]
[PlyCount "91"]
[EventDate "2022.02.15"]
[EventType "swiss (blitz)"]
[EventRounds "11"]
[EventCountry "USA"]
[SourceTitle "CBM 206 Extra"]
[Source "ChessBase"]
[SourceDate "2022.03.31"]
[SourceVersion "1"]
[SourceVersionDate "2022.03.31"]
[SourceQuality "1"]

1. Nf3 d5 2. g3 Nf6 3. Bg2 g6 4. b3 Bg7 5. Bb2 0-0 6. c4 c6 7. 0-0 Bg4 8. Ne5 Bf5 9. d4 Ne4 10. cxd5 cxd5 11. Nd2 Nd7 12. Nd3 Nxd2 13. Qxd2 Be4 14. Bh3 Nf6 15. f3 Bf5 16. Bxf5 gxf5 17. Qb4 b6 18. Bc1 e6 19. Bg5 Qc8 20. Rfc1 Qb7 21. Kg2 Rac8 22. Qd6 Qd7 23. Qf4 Ne8 24. Ne5 Bxe5 25. dxe5 Kh8 26. Rxc8 Qxc8 27. Rc1 Qd7 28. Bf6+ Nxf6 29. exf6 Qd8 30. Qe5 h6 31. Rc7 a5 32. Re7 d4 33. Qf4 Kh7 34. Qe5 Kg6 35. g4 d3 36. gxf5+ exf5 37. exd3 Qxd3 38. Qg3+ Kxf6 39. Qh4+ Kg7 40. Kf2 Rc8 41. Qg3+ Kf6 42. Qe5+ Kg6 43. Re6+ fxe6 44. Qxe6+ Kg5 45. h4+ Kh5 46. Qxc8 1-0